000 00671cam a22002053a 4500
020 _a0590568930 (pbk.) :
040 _cJBL
082 _a813 SCH 1997 A094 Or.
100 1 _aStine, R. L.
245 1 4 _aThe curse of Camp Cold Lake /
260 _aNew York :
_bScholastic,
_c1997.
300 _a114 p. ;
_c20 cm.
490 1 _aGoosebumps ;
500 _a"An Apple paperback."
500 _a"A Parachute Press book."
520 _aSarah hates Camp Cold Lake; the lake is gross and slimy. Down by the lake someone with a see-through body is watching her.
650 0 _aHorror tales.
710 2 _aCopyright Paperback Collection (Library of Congress)
942 _cEK
999 _c13803
_d13803